The Road Game Quiz Stats

 Plays Quiz Updated Oct 17, 2012

Also try: Word Morph
Challenge
Share
Tweet
Embed
Score 0/30 Timer 06:00
0 Plays Today
Clue Road Phrase % Correct
Path to the city of Ozyellow brick road
98%
Anger manifest while drivingroad rage
89.8%
Ice cream flavor with marshmallowsrocky road
88.9%
Wile E. Coyote's nemesisRoad Runner
88.8%
Part of getting a driver's licenseroad test
82.4%
A final drink before heading homeone for the road
76.3%
What to do or where to go in an ATVoff-road
73.7%
A drive on spring break to Daytona, e.g.road trip
68.4%
Final recorded Beatles albumAbbey Road
68%
Having moderate political viewsmiddle-of-the-road
66.2%
A motorist who takes over your laneroad hog
60.2%
The moral course of actionhigh road
52.8%
What Rand-McNally makes for your carroad map
52.1%
Trade route from Asia to EuropeSilk Road
51.5%
Jack Kerouac classic taleOn the Road
49.1%
Clue Road Phrase % Correct
This is paved with good intentionsthe road to hell
48.8%
1989 Swayze action filmRoad House
46.8%
Cold History Channel docu-series in CanadaIce Road Truckers
44.4%
MTV companion to 'The Real World'Road Rules
43.1%
Tom Hanks 2002 mob film Road to Perdition
42.5%
Performance given by a troupe on tourroad show
37.8%
'Omnes viae Romam ducunt' in EnglishAll roads lead to Rome.
37.2%
#1 hit for Ray CharlesHit the Road Jack
35.7%
The subtitle of 'Mad Max 2'The Road Warrior
31.9%
Robert Frost poemThe Road Not Taken
27.3%
Death synonym or Boyz II Men songEnd of the Road
27%
DiCaprio/Winslet Oscar nomineeRevolutionary Road
26.5%
Roger Miller country classicKing of the Road
21.9%
1985 Talking Heads hitRoad to Nowhere
14.2%
UK car race on public waysroad rally
9.7%

You're not logged in!

Compare scores with friends on all Sporcle quizzes.
OR
Log In

You Might Also Like...

Show Comments

Extras

Top Quizzes Today


Score Distribution

Your Account Isn't Verified!

In order to create a playlist on Sporcle, you need to verify the email address you used during registration. Go to your Sporcle Settings to finish the process.

Report this User

Report this user for behavior that violates our Community Guidelines.

Details: